Essentials of psychology / (Record no. 63966)
[ view plain ]
| 000 -LEADER | |
|---|---|
| fixed length control field | 00419nam a22001577a 4500 |
| 005 - DATE AND TIME OF LATEST TRANSACTION | |
| control field | 20210320120718.0 |
| 020 ## - INTERNATIONAL STANDARD BOOK NUMBER | |
| International Standard Book Number | 817063296X |
| Terms of availability | 150.00 |
| 035 ## - SYSTEM CONTROL NUMBER | |
| System control number | B-163416 |
| 035 ## - SYSTEM CONTROL NUMBER | |
| System control number | B-163417 |
| 037 ## - SOURCE OF ACQUISITION | |
| Stock number | DPL |
| Source of stock number/acquisition | ENG |
| 100 ## - MAIN ENTRY--PERSONAL NAME | |
| Personal name | Prakash, Prem |
| 245 ## - TITLE STATEMENT | |
| Title | Essentials of psychology / |
| Statement of responsibility, etc | by Prem Prakash |
| 260 ## - PUBLICATION, DISTRIBUTION, ETC. (IMPRINT) | |
| Place of publication, distribution, etc | New Delhi |
| Name of publisher, distributor, etc | Arya Book Depot |
| Date of publication, distribution, etc | 2004 |
| 300 ## - PHYSICAL DESCRIPTION | |
| Extent | 342p. |
| Dimensions | 22 cms. |
| 942 ## - ADDED ENTRY ELEMENTS (KOHA) | |
| Source of classification or shelving scheme | Dewey Decimal Classification |
| Item type | English Books |
| Classification part | 150 |
| Call number suffix | PRE |
| Withdrawn status | Lost status | Not for loan | Collection code | Home library | Current library | Date acquired | Cost, normal purchase price | Full call number | Barcode | Cost, replacement price | Koha item type | Public note | Copy number | Source of acquisition |
|---|---|---|---|---|---|---|---|---|---|---|---|---|---|---|
| Non-fiction | Kadipur | Kadipur | 04/07/2019 | 150.00 | 150 PRE | B-163428 | 150.00 | English Books | 2 | |||||
| Non-fiction | R.K.Puram-8 | R.K.Puram-8 | 20/03/2021 | 150.00 | 150 PRE | B-163417 | 150.00 | English Books | 1 | bppd/purchase | ||||
| Non-fiction | Sarojini Nagar | Sarojini Nagar | 12/03/2012 | 150.00 | 150 PRE | B-163416 | 150.00 | English Books | Withdrawn List Prepared List No.1/6 |
